• 首页
  • 本馆介绍
  • 公告通知
  • 最新文献
  • 馆藏检索
  • 电子资源
  • 读者导购
  • 参考咨询
  • 我的图书馆
  • 登录
  • 详细信息显示
  • 放入我的书架
  • 预约/预借图书
  • 作者相关作品
  • 分类相关作品
  • 丛书相关作品
  • 出版社相关作品

书目信息

  • 表格格式
  • 工作单格式
  • 卡片格式
题名:
钢轨伤损分类
    
 
作者: ;铁道部科学研究院 , 铁道部工务局 编
分册:  
出版信息: 北京   人民铁道出版社  1978
页数: 66页
开本: 19cm
丛书名:
单 册:
中图分类: U213.4
科图分类:
主题词: 铁路线路--铁路工程
电子资源:
ISBN:
000 00720nam0 2200253 45
001 0178003995
005 20040518084149.1
010    @dCNY0.20
091    @a15043.6135
100    @a19950727d1978 emky0chiy0121 ea
101 0  @achi
102    @aCN@b110000
105    @af z 000yy
106    @ar
200 10 @a钢轨伤损分类@Agang gui shang sun fen lei@f铁道部科学研究院,铁道部工务局编
205    @a修订版
210    @a北京@c人民铁道出版社@d1978
215    @a66页@c照片@d19cm
606 0  @a铁路线路@x铁路工程
690    @aU213.4
711 02 @a铁道部科学研究院@Atie dao bu ke xue yan jiu yuan@4编
711 02 @a铁道部工务局@Atie dao bu gong wu ju@4编
801  0 @aCN@bNLC@c20040518
905    @f1@b12361@dU213.4@e86
    
    钢轨伤损分类/铁道部科学研究院,铁道部工务局编.-修订版.-北京:人民铁道出版社,1978
    66页:照片;19cm
    
    
    ISBN :CNY0.20
    
●
相关链接 在E读中查询图书 在五车中查询图书 在当当中查询图书 在豆瓣中查询图书


正题名:钢轨伤损分类     索取号:U213.4/86         预约/预借

序号 登录号 条形码 馆藏地/架位号 状态 备注
1 0012361   001483228   第三借阅区/ [索取号:U213.4/86] 在馆    
2 0012363   001483237   第二样本阅览室/ [索取号:U213.4/86] 在馆    
唐山师范学院图书馆 欢迎您!
大连网信软件有限公司© 版权所有